Trophée Yachine 2025 - Statistiques

Statistiques générales
  • Ce quiz a été pris 41 fois
  • Le résultat moyen est 9 sur 10
Statistiques - réponses
Rang Joueurs Club Points % Correct
1 Gianluigi Donnarumma Paris Saint-Germain 486
100%
4 Thibaut Courtois Real Madrid 69
100%
2 Alisson Liverpool FC 120
97%
9 Lucas Chevalier Lille 5
95%
8 Emiliano Martínez Aston Villa 7
92%
7 Jan Oblak Atletico Madrid 31
92%
3 Yann Sommer Inter Milan 112
92%
5 Yassine Bounou Al-Hilal FC 48
82%
6 David Raya Arsenal FC 31
74%
10 Matz Sels Nottingham Forest 4
36%
Aucun quiz correspondant
Distribution des résultats
% des personnes avec chaque résultat
Percentile par nombre de réponses
Votre historique - résultats
Vous n’avez pas pris ce quiz